| 000 -LEADER |
| fixed length control field |
00751nam a22002177a 4500 |
| 003 - CONTROL NUMBER IDENTIFIER |
| control field |
OSt |
| 005 - DATE AND TIME OF LATEST TRANSACTION |
| control field |
20250825114114.0 |
| 008 - FIXED-LENGTH DATA ELEMENTS--GENERAL INFORMATION |
| fixed length control field |
180220b xxu||||| |||| 00| 0 spa d |
| 020 ## - INTERNATIONAL STANDARD BOOK NUMBER |
| International Standard Book Number |
9789873048333 |
| 040 ## - CATALOGING SOURCE |
| Transcribing agency |
PJ |
| 100 ## - ASIENTO PRINCIPAL - NOMBRE DE PERSONA |
| 9 (RLIN) |
5768 |
| Personal name |
Tazza, Alejandro |
| 245 10 - MENCIÓN DE TÍTULO |
| Título propiamente dicho |
Código Penal de la Nación Argentina : |
| Parte restante del título |
comentado - parte especial. Tomo I / |
| Mención de responsabilidad, etc |
Alejandro Tazza. |
| 250 ## - EDITION STATEMENT |
| Edition statement |
3a. ed. act. |
| 260 ## - PUBLICATION, DISTRIBUTION, ETC. (IMPRINT) |
| Place of publication, distribution, etc |
Buenos Aires : |
| Name of publisher, distributor, etc |
Rubinal Culzoni, |
| Date of publication, distribution, etc |
2025. |
| 300 ## - DESCRIPCION FISICA |
| Extent |
928 p. |
| Dimensions |
23 cm. |
| 505 ## - FORMATTED CONTENTS NOTE |
| Formatted contents note |
Análisis exegético de los artículos 79 a 161 del Código Penal de la Nación Argentina. |
| 650 #0 - ASIENTO SECUNDARIO DE MATERIA - TERMINO TEMATICO |
| Topical term or geographic name as entry element |
CODIGO PENAL |
| 9 (RLIN) |
2480 |
| 650 #0 - ASIENTO SECUNDARIO DE MATERIA - TERMINO TEMATICO |
| Topical term or geographic name as entry element |
OBRA DE REFERENCIA |
| 9 (RLIN) |
2443 |
| 710 ## - ASIENTO SECUNDARIO - NOMBRE CORPORATIVO |
| 9 (RLIN) |
2448 |
| Corporate name or jurisdiction name as entry element |
Argentina. Códigos |
| 942 ## - ADDED ENTRY ELEMENTS (KOHA) |
| Source of classification or shelving scheme |
|
| Koha item type |
Referencia |
| Classification part |
343.2(094.4) |
| Item part |
TAZ |